00389nam a2200121 a 4500008004100000050001600041245004900057246008700106250001300193260003500206300001700241350000900258120416s1964 ||||||||||||||||| || u aDT 8789 Vic14aThe Victoria fallscedited by Brian M. Fagan aa handbook to Victoria falls, the Batoka gorge and part of the upper Zambezi river a2nd. ed. aLivingstonebC.P.N.H.M.Rc1964 a184p. : ill. a0.00